| 000 | 00000nam##2200000za#4500 |
| 001 | 9.694024 |
| 003 | CaOODSP |
| 005 | 20240209132432 |
| 007 | cr ||||||||||| |
| 008 | 150407|2004||||xxc|||||o f|0| 0 eng|d |
| 040 | |aCaOODSP|beng |
| 043 | |an-cn--- |
| 086 | 1 |aC89-4/122-2004E-PDF |
| 110 | 2 |aAtlantic Canada Opportunities Agency. |
| 245 | 10|aExport Partnering Program / |h[electronic resource]|c[issued by] ACOA New Brunswick. |
| 260 | |bAtlantic Canada Opportunities Agency |c[200-?]. |
| 300 | |a1p.|bphotographs |
| 546 | |aEnglish. |
| 590 | |a10-15-Supp|b2010-12-10 |
| 690 | 07|aBusinesses|2gcpds |
| 775 | 08|tProgramme de partenariat sur l'exportation / |w(CaOODSP)9.638222 |
| 856 | 40|ahttp://publications.gc.ca|qPDF|s643 KB|uhttps://publications.gc.ca/collections/collection_2010/apeca-acoa/C89-4-122-2004-eng.pdf |